[Event "25th Zadar Open 2018"]
[Site "Zadar"]
[Date "2018.12.16"]
[Round "3.7"]
[White "Loncar, Robert"]
[Black "Cvitan, Ognjen"]
[Result "1/2-1/2"]
[WhiteElo "2397"]
[BlackElo "2503"]
[Annotator "TA"]
[PlyCount "57"]
[EventDate "2018.12.15"]
[EventType "swiss"]
[EventCountry "CRO"]
[SourceTitle "playchess.com"]
[Source "ChessBase"]
[SourceQuality "1"]

{[%evp 31,57,11,11,12,13,14,13,8,14,7,7,7,14,0,0,0,0,0,0,0,0,0,0,0,0,0,0,0]} 1. e4 c5 2. Nf3 Nc6 3. d4 cxd4 4. Nxd4 g6 5. c4 Nf6 6. Nc3 d6 7. Be2 Nxd4 8. Qxd4 Bg7 9. Be3 O-O 10. Qd2 Be6 11. f3 Qa5 12. Nd5 {B36: Sicilian: Maroczy Bind: Gurgenidze System} (12. Rc1 Rfc8 13. b3 a6 14. Na4 Qxd2+ 15. Kxd2 Rc6 16. g4 Kf8 17. Nb6 Rb8 18. Nd5 Rcc8 19. Nf4 Bd7 20. g5 Ng8 21. Nd5 e6 {½-½ (65) Giri,A (2785)-Zvjaginsev,V (2661) Sochi 2017}) 12... Qxd2+ 13. Kxd2 Nxd5 14. cxd5 Bd7 15. Rac1 Rfc8 16. Rxc8+ Rxc8 {LiveBook: 20 Games. The position is equal.} 17. Rc1 Rxc1 18. Kxc1 $11 {[%mdl 4096] Endgame KBB-KBB} a6 19. Kc2 Kf8 {[#]} 20. h3 $146 f5 21. Bd3 fxe4 22. fxe4 Ke8 23. Kc1 Be5 24. Kc2 Kf7 25. Bg5 Ke8 26. Be3 Kf7 27. Bg5 Ke8 28. Be3 Kf7 29. Bg5 1/2-1/2

[Event "25th Zadar Open 2018"]
[Site "Zadar"]
[Date "2018.12.16"]
[Round "3.8"]
[White "Karthik Kumar Pradeep"]
[Black "Krzyzanowski, Marcin"]
[Result "1/2-1/2"]
[WhiteElo "2230"]
[BlackElo "2491"]
[Annotator "TA"]
[PlyCount "102"]
[EventDate "2018.12.15"]
[EventType "swiss"]
[EventCountry "CRO"]
[SourceTitle "playchess.com"]
[Source "ChessBase"]
[SourceQuality "1"]

{[%evp 26,102,26,28,35,-16,19,16,36,-28,60,-31,-28,-30,-31,-27,-38,-18,-11,-24,-13,-19,-16,-55,0,-16,0,-14,-20,-19,-29,-53,-52,-139,-70,-64,0,0,0,0,0,0,0,0,0,0,122,123,131,127,122,0,0,-114,-102,-93,0,0,141,137,113,125,132,132,160,131,181,160,181,181,181,181,181,0,181,0,181,0,181]} 1. d4 Nf6 2. c4 g6 3. Nf3 Bg7 4. g3 c5 5. d5 d6 6. Nc3 O-O 7. Bg2 e6 8. O-O exd5 9. cxd5 a6 10. a4 Re8 11. Bf4 Nh5 12. Bg5 {A62: Modern Benoni: Fianchetto Variation without early ...Nbd7} Qc7 13. Qd2 Nd7 14. Rfc1 {LiveBook: 16 Games. White has an edge.} Rb8 15. Rab1 {[#]} (15. Bh6 $14) 15... Nb6 $146 ({Predecessor:} 15... Qa5 16. Ne4 Qb6 17. Qc2 h6 18. Be3 Ndf6 19. Nfd2 Qd8 {0-1 (38) Tan,Z (2466)-Eljanov,P (2678) Reykjavik 2013}) 16. b3 Bf5 {Hoping for ...Bxc3.} 17. Rb2 (17. Ra1 $14) 17... Nf6 (17... Be4 $11) 18. Ra2 ({White should try} 18. Nh4 $1 $14) 18... Ne4 $15 19. Nxe4 Bxe4 20. Ne1 Bxg2 21. Kxg2 Nd7 22. Nf3 b5 23. axb5 axb5 24. Bf4 Nb6 (24... Nf6 $15) 25. h4 h5 26. Rac2 {Black must now prevent Rxc5!} Qd7 27. Qd3 Ra8 28. Nd2 Ra3 29. Rb1 {[#]} ({White should play} 29. e4 $15) 29... f5 (29... c4 $1 $17 {[%cal Rc4d3][%mdl 512]} 30. Qf3 (30. bxc4 Rxd3) 30... c3) 30. Qf3 c4 (30... Bd4 $15) 31. Be3 $11 {[#]} Rxe3 $1 {[%mdl 512]} 32. Qxe3 (32. fxe3 c3) 32... Nxd5 33. Qf3 Nb4 {[#]} 34. Nxc4 $1 {[%mdl 512]} bxc4 35. Rxc4 Na6 (35... Na2 $11 {keeps the balance.}) 36. Qd5+ $16 {[%mdl 1024] White has strong compensation.} Kh7 37. b4 Qe7 {[#]} 38. b5 (38. e3 $1 $16) 38... Nc5 $11 39. b6 (39. Rc2 $11) 39... Qxe2 $17 40. Rxc5 dxc5 ({Better is} 40... Ra2 $17 41. Qf3 Qxf3+ 42. Kxf3 dxc5) 41. b7 $36 {[%mdl 2048] [#] White is more active.} Ra2 {[#]} (41... f4 $1 $11 {remains equal.} 42. b8=Q (42. gxf4 Bd4) 42... Rxg3+ 43. Kh1 Rh3+ 44. Kg1 Rxh4) 42. Qxa2 $1 $16 {[%mdl 512]} Qxa2 43. b8=Q {[%mdl 4096] Endgame KQR-KQB} Qd5+ 44. Kg1 c4 45. Qc7 c3 46. Re1 Qd4 47. Re7 Qd1+ 48. Kh2 Qd4 49. Kg1 Qd1+ $1 50. Kh2 Qd4 51. Kg1 Qd1+ $1 {Accuracy: White = 37%, Black = 34%.} 1/2-1/2

[Event "25th Zadar Open 2018"]
[Site "Zadar"]
[Date "2018.12.16"]
[Round "3.9"]
[White "Jakic, Ivan"]
[Black "Tica, Sven"]
[Result "1-0"]
[WhiteElo "2393"]
[BlackElo "2439"]
[Annotator "TA"]
[PlyCount "43"]
[EventDate "2018.12.15"]
[EventType "swiss"]
[EventCountry "CRO"]
[SourceTitle "playchess.com"]
[Source "ChessBase"]
[SourceQuality "1"]

{[%evp 19,43,32,53,35,223,225,225,219,470,420,502,491,472,453,714,715,689,694,609,406,29987,29988,29992,29993,29996,29997]} 1. e4 c6 2. d4 d5 3. Nc3 dxe4 4. Nxe4 Nf6 5. Nxf6+ exf6 6. c3 Bd6 7. Bd3 O-O 8. Qc2 Re8+ {B15: Caro-Kann: 3 Nc3: 3...g6 and 3...dxe4 4 Nxe4 Nf6 5 Nxf6+ exf6} 9. Ne2 $146 (9. Be3 h5 10. O-O-O Qa5 11. Kb1 Be6 12. c4 Na6 13. Bd2 Nb4 14. Qb3 b5 15. Bxb4 Bxb4 16. Qc2 bxc4 17. Bxc4 Bxc4 18. Qxc4 {0-1 (47) Stevic,H (2589)-Cheparinov,I (2711) Zagreb 2018}) 9... h5 10. O-O h4 {LiveBook: 18 Games. White is slightly better.} 11. Bf4 Rxe2 $2 ({Black should play} 11... Na6 $14) 12. Qxe2 $18 Bxf4 13. Qe4 g5 $2 (13... Bxh2+ 14. Kxh2 f5) 14. Qh7+ Kf8 15. Rae1 {[%cal Rh7h8] [#]} Be6 16. g3 Bc7 (16... Bd2 $142 17. Re2 (17. gxh4 Bxe1 18. Rxe1 gxh4 $16) 17... Na6 18. Rxd2 Nc7) 17. f4 hxg3 18. hxg3 Qd6 {and the idea ...Ke8 leaves Black hopeful.} 19. Re3 {[#] aiming for f5.} c5 (19... gxf4 $18 20. Rxf4 Nd7 21. Qh8+ Ke7 22. Qxa8 {[%mdl 64] Double Attack} Nb6) 20. f5 {White mates.} Nd7 21. fxe6 fxe6 22. Bg6 1-0

[Event "25th Zadar Open 2018"]
[Site "Zadar"]
[Date "2018.12.16"]
[Round "3.10"]
[White "Nielsen, Hogni Egilstoft"]
[Black "Mohite, Ranveer"]
[Result "1/2-1/2"]
[WhiteElo "2400"]
[BlackElo "2236"]
[Annotator "NA"]
[PlyCount "77"]
[EventDate "2018.12.15"]
[EventType "swiss"]
[EventCountry "CRO"]
[SourceTitle "playchess.com"]
[Source "ChessBase"]
[SourceQuality "1"]
[TimeControl "40/5400+30:1800+30"]

1. e4 {[%emt 0:00:30]} c5 {[%emt 0:11:30]} 2. Nf3 {[%emt 0:00:00]} d6 {[%emt 0:00:30]} 3. Bb5+ {[%emt 0:01:00]} Nd7 {[%emt 0:00:30]} 4. O-O {[%emt 0:00:00]} a6 {[%emt 0:00:30]} 5. Bd3 {[%emt 0:00:00]} Ngf6 {[%emt 0:00:30]} 6. c3 {[%emt 0:00:30]} b5 {[%emt 0:01:30]} 7. Bc2 {[%emt 0:00:30]} Bb7 {[%emt 0:00:30]} 8. Qe2 {[%emt 0:01:30]} e6 {[%emt 0:01:30]} 9. d4 {[%emt 0:00:30] B51: Sicilian: Moscow Variation (3 Bb5+) without 3...Bd7} Be7 {[%emt 0:00:30]} 10. Nbd2 {[%emt 0:05:30] LiveBook: 23 Games} Qc7 {[%emt 0:05:30]} (10... O-O 11. e5 Nd5 12. Ne4 Qc7 13. exd6 Bxd6 14. Nxd6 Qxd6 15. dxc5 Qxc5 {½-½ (58) Kovalev,V (2648)-Grandelius,N (2652) Sharjah 2018}) 11. Bd3 {[%emt 0:01:30]} O-O {[%emt 0:04:30]} 12. a4 $146 {[%emt 0:04:30]} ({Predecessor:} 12. Re1 Rfe8 13. Nf1 cxd4 14. cxd4 e5 15. d5 Nc5 16. Ng3 Nxd3 17. Qxd3 {1-0 (42) Ramirez,A (2549)-Chandra,A (2505) Saint Louis 2017}) 12... b4 {[%emt 0:03:30]} 13. cxb4 {[%emt 0:04:30]} cxd4 {[%emt 0:04:30]} 14. Nxd4 {[%emt 0:02:30]} Ne5 {[%emt 0:02:30]} 15. b5 {[%emt 0:08:30]} Nxd3 {[%emt 0:10:30]} 16. Qxd3 {[%emt 0:00:30]} d5 {[%emt 0:03:30]} 17. exd5 {[%emt 0:04:30]} Bxd5 {[%emt 0:02:30]} 18. N2f3 {[%emt 0:08:30]} e5 {[%emt 0:13:30]} 19. Nf5 {[%emt 0:02:30]} Be4 {[%emt 0:13:53]} (19... Bd8 $1 $11 20. Qc3 Qxc3 21. bxc3 Be6) 20. Nxe7+ {[%emt 0:01:30]} Qxe7 {[%emt 0:00:02]} 21. Qa3 {[%emt 0:10:30]} Qb7 {[%emt 0:00:23]} 22. bxa6 {[%emt 0:14:30]} Rxa6 {[%emt 0:00:10]} 23. Re1 $11 {[%emt 0:00:30]} Rb6 {[%emt 0:06:10]} 24. a5 {[%emt 0:07:30]} Rb3 {[%emt 0:02:47]} 25. Qa4 {[%emt 0:00:48]} Bxf3 {[%emt 0:02:34]} 26. a6 {[%emt 0:01:12]} Qd5 {[%emt 0:02:26]} 27. gxf3 {[%emt 0:00:39]} Qxf3 {[%emt 0:00:53]} 28. Be3 {[%emt 0:03:36]} Rd3 {[%emt 0:05:26]} 29. Rad1 {[%emt 0:07:09]} e4 {[%emt 0:00:57]} 30. Rxd3 {[%emt 0:00:42]} Qg4+ {[%emt 0:00:31]} 31. Kf1 {[%emt 0:00:02]} Qh3+ {[%emt 0:00:08]} 32. Kg1 {[%emt 0:04:37]} Qg4+ {[%emt 0:00:01]} 33. Kf1 {[%emt 0:00:00]} Qh3+ {[%emt 0:00:01]} 34. Kg1 {[%emt 0:03:18]} Qg4+ {[%emt 0:00:02]} 35. Kf1 {[%emt 0:00:05]} Qh3+ {[%emt 0:01:09]} 36. Ke2 {[%emt 0:00:30]} Qf3+ {[%emt 0:00:41]} 37. Kd2 {[%emt 0:00:30]} exd3 {[%emt 0:00:34]} 38. Bc5 {[%emt 0:00:30]} Qf5 {[%emt 0:01:21]} 39. Be3 {[%emt 0:00:30]} 1/2-1/2

[Event "25th Zadar Open 2018"]
[Site "Zadar"]
[Date "2018.12.16"]
[Round "3.11"]
[White "Blagojevic, Dragisa"]
[Black "Mendonca, Leon Luke"]
[Result "1-0"]
[WhiteElo "2497"]
[BlackElo "2350"]
[Annotator "TA"]
[PlyCount "149"]
[EventDate "2018.12.15"]
[EventType "swiss"]
[EventCountry "CRO"]
[SourceTitle "playchess.com"]
[Source "ChessBase"]
[SourceQuality "1"]

{[%evp 19,149,18,19,2,0,0,0,0,5,7,0,-16,35,19,25,-4,12,0,129,131,139,211,208,146,385,369,369,350,388,375,382,377,374,364,351,283,419,402,384,342,397,379,377,372,377,372,368,355,419,415,414,418,416,395,548,540,542,494,541,538,534,521,512,503,1018,491,473,473,462,449,452,435,491,490,477,364,364,349,616,608,608,608,1009,608,1726,2373,1013,900,2348,1529,12795,9590,5189,4132,3009,2651,2109,1141,2064,2098,1964,1837,1534,592,592,592,592,592,592,781,723,592,1081,584,2042,1164,12842,12822,11248,6223,5141,1834,29962,745,669,0,29965,979,29960,29965,29964,29962]} 1. d4 Nf6 2. c4 e6 3. Nf3 b6 4. g3 Bb7 5. Bg2 Be7 6. O-O O-O 7. Nc3 Ne4 8. Qc2 Nxc3 9. Qxc3 d6 10. Qd3 f5 {LiveBook: 6 Games. E19: Queen's Indian: Old Main Line with 7...Ne4 8 Qc2 Nxc3 8 Qxc3} 11. Qe3 {White wants to play Ng5.} Qc8 12. d5 e5 {The position is equal.} 13. Nd4 Rf7 14. Ne6 Nd7 15. f4 Bf6 $146 ({Black should play} 15... Nf8 $11) ({Predecessor:} 15... e4 16. g4 fxg4 17. Qxe4 Nc5 18. Nxc5 bxc5 {½-½ (97) Fridman,D (2592)-Jedynak,R (2448) Dos Hermanas 2004}) 16. fxe5 Bxe5 17. Bh3 $36 {[%mdl 2048] [#] Ng5 is the strong threat. White has the initiative.} g6 18. g4 {[%cal Bg3g4,Bg4f5][%mdl 32]} c6 (18... f4 $1 $11 19. Nxf4 Qe8) 19. gxf5 $16 cxd5 20. fxg6 Rxf1+ 21. Kxf1 {[#] Strongly threatening Qh6.} Nf8 $2 (21... hxg6 $16 22. Qh6 Qe8) 22. g7 $18 Nxe6 23. Qh6 Nxg7 24. Bxc8 Rxc8 25. cxd5 Bxd5 26. Be3 Rf8+ 27. Bf2 Nf5 (27... Bd4 $142) 28. Qg5+ Kh8 29. Rd1 Bxa2 30. Ke1 Bc4 31. Qg4 b5 32. Qf3 Kg8 33. Rd2 a5 34. Qg2+ Kh8 35. e4 Ne7 36. Bd4 Ng6 {White should prevent ...Bxd4.} 37. Bxe5+ Nxe5 38. Rxd6 Nd3+ 39. Rxd3 $1 Bxd3 {[%mdl 4096] Endgame KQ-KRB} 40. Qg3 Bc4 41. b3 Rf1+ 42. Kd2 Bf7 43. Qe5+ Kg8 44. Qg5+ Kf8 45. Qd8+ Kg7 46. Qxa5 Rf2+ 47. Ke1 Rf3 48. b4 ({Much less strong is} 48. Qxb5 Rxb3 49. Qg5+ Kf8 $18) 48... Re3+ $2 (48... Bc4 49. Qa1+ Kf7) 49. Kf2 Rxe4 50. Qxb5 Bg6 51. Qd7+ Kf8 52. b5 Re7 53. Qd8+ Kf7 54. Qd5+ Ke8 55. Kf3 Rf7+ 56. Kg4 Rd7 57. Qc6 Bf7 58. Qc8+ Ke7 59. Qc5+ Ke8 60. Qe5+ Kd8 61. b6 (61. Qb8+ $142 Ke7 62. b6) 61... Kc8 62. Qe4 {[%cal Re4a8]} Bd5 63. Qe8+ Rd8 64. Qa4 Rd7 65. Qb5 Kd8 66. Kf5 Ke7 67. Qb4+ Kf7 68. Ke5 Bb7 69. Qf4+ Ke8 70. Qf6 Rf7 71. Qd6 (71. Qh8+ $142 Ke7 72. Qb8 Bf3 73. b7 Bxb7 74. Qxb7+ Kf8 75. Qc8+ Kg7 76. Qg4+ Kf8 77. Qb4+ Kg7 78. h4) 71... Rd7 72. Qf6 (72. Qb8+ $18 Kf7 73. Qh8 Re7+ 74. Kd6) 72... Rf7 $1 {[%cal Rf7f6]} 73. Qg5 (73. Qh8+ $142 Kd7 74. Qg8 Re7+ 75. Kf6 Bf3 76. Qc4 Kd8 77. Qf4 Rb7 78. Qxf3 Rxb6+ 79. Kg7) 73... Bf3 74. Qg8+ Ke7 75. Qc8 {Accuracy: White = 73%, Black = 46%.} 1-0

[Event "25th Zadar Open 2018"]
[Site "Zadar"]
[Date "2018.12.16"]
[Round "3.12"]
[White "Bratovic, Blaz"]
[Black "Plenca, Jadranko"]
[Result "1/2-1/2"]
[WhiteElo "2307"]
[BlackElo "2475"]
[Annotator "TA"]
[PlyCount "130"]
[EventDate "2018.12.15"]
[EventType "swiss"]
[EventCountry "CRO"]
[SourceTitle "playchess.com"]
[Source "ChessBase"]
[SourceQuality "1"]

{[%evp 19,130,0,0,0,0,0,0,2,0,0,32,12,14,0,13,18,18,0,-4,-42,-49,-47,-35,-60,-67,-58,-57,-61,-5,-4,-4,-4,-4,-4,-3,-42,-46,-110,-110,-113,-26,-38,0,0,0,0,0,-9,0,-14,-14,-37,-36,-7,0,0,0,-173,-173,-173,-173,-277,-270,-470,-458,-449,-428,-477,-465,-629,-625,-630,-576,-585,-584,-585,-568,-570,-568,-516,-467,-2939,-2236,-4114,-1900,-800,0,0,0,0,0,0,0,-110,-110,-110,0,0,0,0,0,0,0,0,0,0,0,0,0,0,0,0,0]} 1. e4 e5 2. Nf3 Nc6 3. Bb5 a6 4. Ba4 Nf6 5. O-O b5 6. Bb3 Bb7 7. d3 Be7 8. Nc3 O-O 9. Bd2 d6 10. a3 {C84: Closed Ruy Lopez: Unusual White 6th moves} Qd7 {LiveBook: 10 Games} 11. Nd5 (11. a4 Nd8 12. axb5 axb5 13. Rxa8 Bxa8 14. Ne2 Ne6 15. Ng3 c5 16. Nf5 Bd8 17. c4 bxc4 18. Bxc4 {0-1 (48) Carlsen,M (2872)-Svidler,P (2747) London 2013}) 11... Nxd5 12. Bxd5 Nd8 13. Bxb7 Nxb7 14. b4 {[#]} f5 $146 ({Predecessor:} 14... a5 15. c3 c5 16. Qb3 Rfc8 {½-½ (35) Mista,A (2575)-Votava,J (2522) Czech Republic 2016}) 15. exf5 Qxf5 16. Qe2 Nd8 {[%cal Bb7d8,Bd8e6,Be6d4][%mdl 32]} 17. a4 {next axb5 is good for White.} Ne6 18. axb5 axb5 19. Qe4 Qxe4 20. dxe4 g5 {[%cal Bg7g5,Bg5g4][%mdl 32]} 21. Be3 g4 22. Nd2 Nd4 $36 {[%mdl 2048] Black has good play.} 23. c4 Nc2 ({Better is} 23... bxc4 $15 24. Nxc4 Rxa1 25. Rxa1 Rb8) 24. Rxa8 $11 Rxa8 25. cxb5 Nxe3 26. fxe3 {[%mdl 4096] Endgame KRB-KRN} Ra2 27. Nc4 Rc2 $1 {[%cal Rc2c4][%mdl 1024] Black has compensation.} 28. Na5 (28. Na3 $1 $15 Rc3 29. Nb1) 28... Bg5 $17 29. Re1 h5 (29... Rc3 $17 30. Kf2 Kf7) 30. Nb7 $1 $11 Rd2 31. Kf1 $1 h4 32. Re2 Rd1+ 33. Re1 Rd3 34. Kf2 Kf7 35. h3 g3+ 36. Kf3 Ke6 {And now ...Rb3 would win.} 37. Kg4 Be7 ({Much weaker is} 37... Rxe3 $6 38. Rxe3 Bxe3 39. Kxh4 $16) 38. Re2 $2 (38. Na5 $11 {and White has nothing to worry.}) 38... Rb3 $19 39. Na5 Rxb4 {[%mdl 64] Double Attack} 40. Nc6 (40. Kf3 $142) 40... Rxe4+ 41. Kf3 $2 {[#]} (41. Kh5 {only move.}) 41... d5 $1 42. Nxe7 Kxe7 {KR-KR} 43. Rb2 Rc4 44. b6 cxb6 45. Rxb6 Rc2 46. Rh6 Rf2+ 47. Kg4 Rxg2 {[#] ...Rf2 is the strong threat.} 48. Rxh4 Rg1 49. Rh7+ Kd6 50. Rg7 (50. Rh8 $142 g2 51. Kf3) 50... d4 51. exd4 exd4 52. Rg8 Ke7 $2 (52... Kd5 $19 53. Kf3 d3) 53. Ra8 $11 Ke6 54. h4 Kd5 ({Resist} 54... g2 55. Kf3 $17) 55. h5 Ke4 {White must now prevent ...d3.} 56. h6 (56. Re8+ $11 {was the only way to keep the balance.} Kd3 57. Kf3) 56... Rh1 {( -> ...g2)} 57. Kxg3 d3 ({Black should try} 57... Rxh6 $17 {Hoping for ...Rf6.} 58. Kf2 Rh2+ 59. Ke1 Ke3 60. Re8+ Kd3) 58. Re8+ {The position is equal.} Kd4 59. Rd8+ Kc3 60. Rc8+ Kb3 61. Rb8+ Kc2 62. Rc8+ Kd1 63. Rc6 Rf1 64. Kg4 d2 65. Kg5 Rh1 {Accuracy: White = 56%, Black = 63%.} 1/2-1/2

[Event "25th Zadar Open 2018"]
[Site "Zadar"]
[Date "2018.12.16"]
[Round "3.13"]
[White "Tomazini, Zan"]
[Black "Djoric, Dusan"]
[Result "1-0"]
[WhiteElo "2437"]
[BlackElo "2298"]
[Annotator "TA"]
[PlyCount "141"]
[EventDate "2018.12.15"]
[EventType "swiss"]
[EventCountry "CRO"]
[SourceTitle "playchess.com"]
[Source "ChessBase"]
[SourceQuality "1"]

{[%evp 12,141,36,54,115,112,76,112,85,53,69,56,77,75,102,104,100,106,106,106,104,69,71,65,76,66,82,45,42,30,79,54,59,54,52,0,0,0,174,169,136,145,158,163,131,117,200,189,202,190,190,190,183,168,279,111,111,90,253,253,247,177,245,245,342,338,554,0,101,0,0,0,0,0,0,0,0,0,0,0,0,0,0,0,0,0,97,97,97,84,57,0,0,0,0,0,0,0,0,0,137,137,113,48,151,151,158,160,152,152,370,272,220,220,272,259,29968,47,29970,29970,29970,29972,29972,29970,29970,29971,29971,29972,29972,29974,29974,29975]} 1. e4 c5 2. c3 d5 3. exd5 Qxd5 4. d4 e5 5. Nf3 Nc6 6. Nbd2 {B22: Sicilian: 2 c3} (6. Nxe5 Nxe5 7. dxe5 Qxe5+ 8. Be3 Nf6 9. Bb5+ Bd7 10. Bxd7+ Nxd7 11. Nd2 O-O-O 12. O-O Bd6 13. Nf3 Qe7 14. Re1 Ne5 15. Bf4 Nxf3+ 16. Qxf3 {0-1 (36) Ye,J (2632)-Zhang,P (2657) China 2007}) 6... cxd4 7. Bc4 {LiveBook: 3 Games} Qd7 (7... Qc5 $14) 8. cxd4 $16 {White is better.} exd4 9. O-O Be7 $146 ({Predecessor:} 9... Bd6 10. Ne4 Nge7 11. Nfg5 Ne5 12. Qh5 N7g6 13. Nxf7 Nxf7 14. Bxf7+ Kxf7 15. Qd5+ Kf8 16. Nxd6 Qe6 17. Qxd4 Qe5 18. Qxe5 Nxe5 19. Re1 {1-0 (19) Sariego,W (2387)-Vega Chirino,L (2306) Cuba 2000}) 10. b4 a6 11. Ne4 Nf6 12. Nxf6+ Bxf6 13. Re1+ Ne7 14. Bg5 $1 O-O 15. Bxf6 gxf6 16. Nxd4 Ng6 17. Qd2 b5 18. Bb3 Bb7 19. Re3 Rad8 20. Rd1 Rfe8 21. h3 Rxe3 22. Qxe3 Qe7 23. Qh6 (23. Qxe7 $14 Nxe7 24. a3) 23... Rxd4 $11 {[#]} 24. Bxf7+ $1 {[%mdl 512]} Kxf7 $2 (24... Qxf7 $11 {and Black stays safe.} 25. Rxd4 Bd5) 25. Qxh7+ $18 Ke6 26. Qxe7+ Nxe7 27. Rxd4 Bd5 28. a3 f5 (28... Nc6 $16 29. Rd1 a5) 29. Rh4 $1 Ng6 30. Rh6 Kf6 31. Rh7 $1 Bf7 32. h4 Bg8 {[#]} (32... f4 $142 33. g3 Ne5) 33. Rh5 $2 (33. Ra7 $1 $18) 33... Be6 $16 34. g3 Ne5 $2 (34... Kg7 $16) 35. Rh6+ $18 Ke7 36. Rh7+ Bf7 (36... Nf7 {was worth a try.}) 37. f4 Nc4 38. h5 Ne3 $2 (38... Nxa3 {might work better.} 39. Rh8 Nc2) 39. Rg7 $2 (39. Rh8 $18) 39... Kf6 {[#]} (39... Ng4 $11) 40. Rg5 (40. h6 $1 $16) 40... Ng4 $11 41. Kg2 Bd5+ 42. Kf1 {Hoping for Rg6+.} Bf7 43. Ke2 Bc4+ 44. Kd2 {Black must now prevent Rg6+.} Bf7 45. Kc2 Nf2 46. h6 {Strongly threatening h7.} Bg6 47. h7 Bxh7 {Threatens to win with ...Bg6.} 48. Rh5 Kg7 (48... Bg6 $11 {keeps the balance.} 49. Rh8 Ne4) 49. Rh2 $16 {[%mdl 1024] White has strong compensation.} Ne4 50. Kd3 Bg6 51. Rg2 ({Better is} 51. Kd4 $14) 51... Kf6 $11 52. Kd4 Bh5 53. Rc2 Nxg3 54. Rc6+ Ke7 55. Rxa6 Bd1 (55... Be8 $11) 56. Ke5 $16 Bc2 57. Rc6 (57. Ra7+ $16 Kd8 58. Rg7) 57... Ba4 ({Black should play} 57... Be4 $14 58. Rc7+ Kd8) 58. Rc7+ Kd8 59. Rg7 Ne4 60. Kxf5 Bc2 $2 (60... Nd2 $16 {is a better defense.} 61. Kf6 Ne4+ 62. Ke5 Nd2) 61. Ke5 {aiming for Rg2.} Nd2 62. f5 Nc4+ 63. Ke6 Nxa3 $2 (63... Ne3 $18 64. Rd7+ Ke8 65. Re7+ Kd8) 64. Rg8+ Kc7 {And now ...Bb3+ would win.} 65. Rg3 {White mates.} Bxf5+ 66. Kxf5 {KR-KN} Nc4 67. Rg7+ Kd6 68. Ke4 Nd2+ 69. Kd3 Nf3 70. Rg6+ Kc7 71. Ke4 {Accuracy: White = 64%, Black = 54%.} 1-0

[Event "25th Zadar Open 2018"]
[Site "Zadar"]
[Date "2018.12.16"]
[Round "3.14"]
[White "Sokac, Marko"]
[Black "Janzelj, Tim"]
[Result "1-0"]
[WhiteElo "2301"]
[BlackElo "2395"]
[Annotator "NA"]
[PlyCount "73"]
[EventDate "2018.12.15"]
[EventType "swiss"]
[EventCountry "CRO"]
[SourceTitle "playchess.com"]
[Source "ChessBase"]
[SourceQuality "1"]
[TimeControl "40/5400+30:1800+30"]

1. e4 {[%emt 0:00:30]} e6 {[%emt 0:00:30]} 2. d4 {[%emt 0:00:00]} d5 {[%emt 0:00:30]} 3. Nc3 {[%emt 0:00:00]} Nf6 {[%emt 0:00:30]} 4. e5 {[%emt 0:00:30]} Nfd7 {[%emt 0:00:30]} 5. f4 {[%emt 0:00:30]} c5 {[%emt 0:00:30]} 6. Nf3 {[%emt 0:00:00]} Nc6 {[%emt 0:00:00]} 7. dxc5 {[%emt 0:06:00]} Bxc5 {[%emt 0:01:00]} 8. Bd3 {[%emt 0:00:00]} a6 {[%emt 0:05:30]} 9. a3 {[%emt 0:00:00]} b5 {[%emt 0:00:30]} 10. Bd2 {[%emt 0:00:30]} Nb6 {[%emt 0:23:30]} 11. b4 {[%emt 0:04:30]} Be7 {[%emt 0:01:30]} 12. O-O {[%emt 0:00:30]} Nc4 {[%emt 0:02:30]} 13. Qe1 {[%emt 0:09:30]} f5 {[%emt 0:17:30]} 14. exf6 {[%emt 0:09:30]} Bxf6 {[%emt 0:00:30]} 15. Ng5 {[%emt 0:00:30]} Nxd2 {[%emt 0:03:30]} 16. Qxd2 {[%emt 0:02:30]} Bd4+ {[%emt 0:01:30]} 17. Kh1 {[%emt 0:00:30]} Qf6 {[%emt 0:00:30]} 18. Nxb5 {[%emt 0:05:30]} axb5 {[%emt 0:04:30]} 19. Bxb5 {[%emt 0:00:30]} Bd7 {[%emt 0:09:30]} 20. Rae1 {[%emt 0:15:30]} Bc3 {[%emt 0:09:47]} 21. Qxd5 {[%emt 0:00:30]} Bxe1 {[%emt 0:00:10]} 22. Rxe1 {[%emt 0:00:30]} O-O-O {[%emt 0:07:11]} 23. Nxe6 {[%emt 0:03:30]} Kb7 {[%emt 0:05:56]} 24. Re5 {[%emt 0:06:30]} Rhe8 {[%emt 0:02:59]} 25. Ba6+ {[%emt 0:01:30]} Ka8 {[%emt 0:01:18]} 26. Qb5 {[%emt 0:30:36]} Rb8 {[%emt 0:00:01]} 27. Nc7+ {[%emt 0:00:20]} Ka7 {[%emt 0:00:01]} 28. Qc5+ {[%emt 0:00:29]} Rb6 {[%emt 0:00:01]} 29. Nd5 {[%emt 0:02:54]} Qd8 {[%emt 0:01:52]} 30. Rxe8 {[%emt 0:00:11]} Bxe8 {[%emt 0:00:05]} 31. Bd3 {[%emt 0:00:56]} h6 {[%emt 0:01:04]} 32. a4 {[%emt 0:00:28]} Bf7 {[%emt 0:00:25]} 33. a5 {[%emt 0:00:30]} Bxd5 {[%emt 0:00:38]} 34. axb6+ {[%emt 0:00:02]} Kb7 {[%emt 0:00:17]} 35. b5 {[%emt 0:00:25]} Nb8 {[%emt 0:00:40]} 36. c4 {[%emt 0:00:28]} Qe8 {[%emt 0:00:33]} 37. Qc7+ {[%emt 0:00:10]} 1-0